Životné minimum a sociálne dávky od 1. júla 2007

Ustanovenie a posudzovanie životného minima podľa zákona č. 601/2003 Z.z. o životnom minime a zmene a doplnení niektorých zákonov. Ilustračné príklady.

Saved in:
Bibliographic Details
Main Author: Macková, Zuzana
Format: Book Chapter
Language:Slovak
Subjects:
Tags: Add Tag
No Tags, Be the first to tag this record!

MARC

LEADER 00000naa$a2200000$$$4500
001 0061731
005 20231127093048.4
041 0 |a slo 
044 |a SK 
245 1 0 |a Životné minimum a sociálne dávky od 1. júla 2007  |c Zuzana Macková 
520 |a Ustanovenie a posudzovanie životného minima podľa zákona č. 601/2003 Z.z. o životnom minime a zmene a doplnení niektorých zákonov. Ilustračné príklady. 
610 2 0 |a legislatíva 
610 2 0 |a minimum existenčné 
610 2 0 |a dávky sociálne 
610 2 0 |a Slovensko 
100 1 |a Macková, Zuzana